Statistics for 日本の都道府県知事(令和4年7月24日現在)

Click here to take the quiz!

General Stats

  • This quiz has been taken 50 times
  • The average score is 10 of 47

Answer Stats

HintAnswer% Correct
東京都小池百合子
96%
北海道鈴木直道
53%
大阪府吉村洋文
44%
群馬県山本一太
42%
神奈川県黒岩祐治
42%
沖縄県玉城デニー
42%
岩手県達増拓也
36%
石川県馳浩
36%
静岡県川勝平太
36%
滋賀県三日月大造
31%
愛知県大村秀章
29%
山形県吉村美栄子
29%
埼玉県大野元裕
29%
千葉県熊谷俊人
29%
宮城県村井嘉浩
27%
山梨県長崎幸太郎
27%
青森県三村申吾
24%
岡山県伊原木隆太
22%
新潟県花角英世
22%
秋田県佐竹敬久
22%
徳島県飯泉嘉門
20%
富山県新田八朗
20%
鳥取県平井伸治
18%
茨城県大井川和彦
18%
福島県内堀雅雄
18%
栃木県福田富一
18%
奈良県荒井正吾
16%
岐阜県古田肇
16%
兵庫県齋藤元彦
13%
熊本県蒲島郁夫
13%
長野県阿部守一
13%
島根県丸山達也
13%
京都府西脇隆俊
11%
福岡県服部誠太郎
11%
愛媛県中村時広
11%
三重県一見勝之
11%
福井県杉本達治
9%
長崎県大石賢吾
9%
和歌山県仁坂吉伸
9%
大分県広瀬勝貞
9%
鹿児島県塩田康一
9%
香川県浜田恵造
9%
山口県村岡嗣政
7%
宮崎県河野俊嗣
7%
高知県濵田省司
4%
佐賀県山口祥義
4%
広島県湯﨑英彦
2%

Score Distribution

Percentile by Number Answered

Percent of People with Each Score

Your Score History

You have not taken this quiz